| 000 | 01073nam a2200229Ia 4500 | ||
|---|---|---|---|
| 001 | 8547 | ||
| 003 | GE_BSU | ||
| 008 | 181216s||||||||xx |||||||||||||| ||und|| | ||
| 040 | _cGE_BSU | ||
| 080 | _a378.637(479.223) | ||
| 100 | _aვერძაძე,ნური. | ||
| 245 | _aინსტიტუტის სათავეებთან. | ||
| 245 | _bბათუმის შოთა რუსთაველის სახ.პედ.ინ-ტის პირველი რექტორი ხუსეინ ნაკაიძე. | ||
| 245 | _cრედ:ზ.ფირცხალაიშვილი | ||
| 260 | _aბათუმი. | ||
| 260 | _bსაბჭ.აჭარა. | ||
| 260 | _c1987 | ||
| 300 | _a51გვ;20სმ. | ||
| 653 | _aინსტიტუტის სათავეებთან. | ||
| 653 | _aპედაგოგიკური ინსტიტუტები საქართველოში; უმაღლესი სასწავლებლების რექტორები; | ||
| 942 | _cBK | ||
| 999 |
_c41864 _d41864 |
||